Detalles MARC
| 000 -CABECERA |
| Longitud fija campo de control |
01674cam a2200361 a 4500 |
| 003 - • IDENTIFICADOR DELl NÚMERO DE CONTROL |
| Identificador del número de control |
CO-BoRNBP |
| 005 - • FECHA Y HORA DE LA ÚLTIMA TRANSACCIÓN |
| Fecha y hora de la última transacción |
20251112153102.0 |
| 007 - • CAMPO FIJO DE DESCRIPCIÓN FÍSICA |
| Campo fijo de descripción física |
ta |
| 008 - • CÓDIGOS DE INFORMACIÓN DE LONGITUD FIJA |
| Códigos de información de longitud fija |
210809s2020 ck ao gr 000 0 spa |
| 020 ## - • NÚMERO INTERNACIONAL NORMALIZADO PARA LIBROS |
| Número Internacional Normalizado para Libros (ISBN) |
9789583202995 (Colombia) |
| 040 ## - FUENTE DE LA CATALOGACIÓN |
| Centro catalogador de origen |
CO-BoBN |
| Lengua de catalogación |
spa |
| Centro transcriptor |
CO-BoBN |
| 041 1# - • CÓDIGO DE LENGUA |
| Código de lengua del texto/banda sonora o título independiente |
spa |
| Código de lengua original |
eng |
| 082 04 - • NÚMERO DE LA CLASIFICACIÓN DECIMAL DEWEY |
| Número de clasificación (R) |
741.56028 |
| Número de edición |
23 |
| 100 1# - • PUNTO DE ACCESO PRINCIPAL-NOMBRE DE PERSONA |
| Nombre de persona |
Lee, Stan, |
| Fechas asociadas al nombre |
1922-2018 |
| 245 10 - • TITULO PROPIAMENTE DICHO |
| Título |
Aprende a dibujar cómic con Stan Lee : |
| Resto del título |
del legendario co-creador de Spiderman, Hulk, X-Men y Iron Man / |
| Mención de responsabilidad, etc. |
[escritor colaborador, David Campiti ; dirección, Darío Arca ; traducción, Angel Mirou] |
| 250 ## - • MENCIÓN DE EDICIÓN |
| Mención de edición |
1a. edición |
| 300 ## - • DESCRIPCIÓN FÍSICA |
| Extensión |
109 p. : |
| Otras características físicas |
il., fot. (algunos col.) ; |
| Dimensiones |
26 cm |
| 336 ## - TIPO DE CONTENIDO |
| Fuente |
rdacontent |
| Término de tipo de contenido |
texto |
| Código de tipo de contenido |
txt |
| 337 ## - TIPO DE MEDIO |
| Fuente |
rdamedia |
| Nombre del tipo de medio |
sin mediación |
| Código del tipo de medio |
n |
| 338 ## - TIPO DE SOPORTE |
| Fuente |
rdacarrier |
| Nombre del tipo de soporte |
volumen |
| Código del tipo de soporte |
nc |
| 490 0# - • MENCIÓN DE SERIE |
| Mención de serie |
Plan Nacional de Lectura y Escritura Leer es mi Cuento / Ministerio de Educación |
| 500 ## - • NOTA GENERAL |
| Nota general |
"Edición para el Ministerio de Educación Nacional, Plan Nacional de Lectura y Escritura - Leer es mi Cuento, 2020" |
| 500 ## - • NOTA GENERAL |
| Nota general |
"Incluye el trabajo de artistas de la talla de: Jack Kirby, John Romita Sr; Neal Adams, Gil Kane o Frank Cho"--Cubierta |
| 534 ## - • Nota De Versión Original |
| Título |
Stan Lee's how to draw comics : from the legendary co-creator of Spider-man, The incredible Hulk, fantastic four, X-Men and Iron Man |
| 650 14 - • PUNTO DE ACCESO ADICIONAL DE MATERIA - TÉRMINO DE MATERIA |
| Término de materia o nombre geográfico como elemento inicial |
Tiras cómicas, historietas, etc. |
| Subdivisión de materia general |
Técnica |
| Fuente del encabezamiento o término |
LEMB |
| 650 24 - • PUNTO DE ACCESO ADICIONAL DE MATERIA - TÉRMINO DE MATERIA |
| Término de materia o nombre geográfico como elemento inicial |
Personajes de tiras cómicas |
| Subdivisión de forma |
Dibujos |
| Fuente del encabezamiento o término |
LEMB |
| 700 1# - • PUNTO DE ACCESO ADICIONAL - NOMBRE DE PERSONA |
| Nombre de persona |
Campiti, David |
| 700 1# - • PUNTO DE ACCESO ADICIONAL - NOMBRE DE PERSONA |
| Nombre de persona |
Arca, Darío, |
| Término indicativo de función |
director |
| 700 1# - • PUNTO DE ACCESO ADICIONAL - NOMBRE DE PERSONA |
| Nombre de persona |
Mirou, Angel, |
| Término indicativo de función |
traductor |
| 942 ## - ENTRADA DE ELEMENTOS AGREGADOS (KOHA) |
| Fuente de clasificaión o esquema |
Dewey Decimal Classification |
| Koha [por defecto] tipo de item |
LIbro |
| 990 ## - EQUIVALENCIA O SECCIÓN-REFERENCIA [LOCAL, CANADA] |
| Enlace de información para campos 9XX |
2021-7266 |
| Enlace de información para campo correspondiente a campo 9XX |
Editorial Océano de Colombia S.A.S. |